| 000 | 01794nam a22002417a 4500 | ||
|---|---|---|---|
| 005 | 20260327093414.0 | ||
| 008 | 260327b |||||||| |||| 00| 0 eng d | ||
| 020 | _a9789353165512 | ||
| 040 | _cAL | ||
| 082 |
_a515.35 _bCEND |
||
| 100 |
_aYunus A Cengel _9259472 |
||
| 245 | _aDifferential equations for engineers and scientists | ||
| 260 |
_aChennai _bMcGraw Hill Education India Pvt Ltd _c2020 |
||
| 300 |
_axii,611p. _bPB _c25.5x20cm |
||
| 365 |
_2Information Science and Engineering _aVBI-2645 _b₹671.25 _c₹ _d₹895.00 _e25% _fVBI-2645 _g20-02-2026 |
||
| 520 | _aDifferential Equations for Engineers and Scientists is intended to be used in a first course on differential equations taken by science and engineering students. It covers the standard topics on differential equations with a wealth of applications drawn from engineering and science--with more engineering-specific examples than any other similar text. The text is the outcome of the lecture notes developed by the authors over the years in teaching differential equations to engineering students. Like Yunus Cengel's other texts, the material is introduced at a level that a typical student can follow comfortably, and the authors have made the text speak to the students and not over them. Differential Equations for Engineers and Scientists is written in plain language to help students learn the material without being hampered by excessive rigor or jargon. The friendly tone and the logical order are designed to motivate the student to read the book with interest and enthusiasm. | ||
| 650 |
_aEngineering Mathematics _9259468 |
||
| 650 |
_aVariable Coefficents _9259469 |
||
| 650 |
_aLaplace Transforms _9259470 |
||
| 650 |
_aIndian Edition _9259473 |
||
| 700 |
_aPalm III, William J _9259471 |
||
| 942 |
_2ddc _cBK |
||
| 999 |
_c241072 _d241072 |
||